HZ.PEYGAMBERİN İZİNDE (Record no. 689329)

MARC details
000 -LEADER
sabit uzunluktaki kontrol alanı 00270nam a2200097Ia 4500
001 - KONTROL NUMARASI
kontrol alanı 689329
005 - EN SON İŞLEMİN TARİH VE ZAMANI
kontrol alanı 20250826161632.0
008 - SABİT-UZUNLUKTA VERİ ÖĞELERİ--GENEL BİLGİ
sabit uzunluktaki kontrol alanı 250824s9999 xx 000 0 und d
245 #0 - ESER / YAZAR
ESER ADI HZ.PEYGAMBERİN İZİNDE
Yazar Adı AHMET ÖNKAL/ADEM APAK/BÜNYAMİN ERUL
260 ## - YAYIN, DAĞITIM, VB.
YAYIN EVİ DİB YAYINLARI
Holdings
Düşüm durumu Kayıp durumu Hasar Durumu Ödünç verilmez Ana kütüphane Geçerli Kütüphane Edinilen tarih Toplam ödünç verme sayısı Barkod Son görüntüleme tarihi Fiyatın geçerli olmaya başladığı tarih Koha materyal türü
        M. HALİL İBRAHİM HEKİMOĞLU MESLEKİ VE TEKNİK A. L. M. HALİL İBRAHİM HEKİMOĞLU MESLEKİ VE TEKNİK A. L. 24.08.2025   1017139 26.08.2025 26.08.2025 Books